| 000 | 01040cab a2200277 4500 | ||
|---|---|---|---|
| 001 | ABS50485 | ||
| 008 | 090401t1994 xxu||||| |||| 00| 0 eng d | ||
| 035 | _a(Sirsi) u76089 | ||
| 041 | _aeng | ||
| 100 | _aGreenish, D.J.W. | ||
| 245 | _aLeasehold Reform, Housing and Urban Development Act 1993 | ||
| 260 | _c1994 | ||
| 350 | _a0 | ||
| 490 |
_aRent Review & Lease Renewal _v14(2) 1994, 7-17(11) |
||
| 520 | _aOverview of the Leasehold Reform and Urban Development Act 1993 dealing with the collective right to enfranchise allowing flat tenants to collectively buy the freehold of their building, the individual right to extend leases and the enfranchisement of houses. | ||
| 650 | _aCOLLECTIVE ENFRANCHISEMENT | ||
| 650 | _aENFRANCHISEMENT | ||
| 650 | _aFLAT OWNERS | ||
| 650 | _aFREEHOLD | ||
| 650 | _aLEASE EXTENSION | ||
| 650 | _aLEASEHOLD REFORM ACT 1967 | ||
| 650 | _aLEASEHOLD REFORM, HOUSING AND URBAN DEVELOPMENT ACT 1993 | ||
| 690 | _aLANDLORD AND TENANT-LEASEHOLD REFORM | ||
| 942 | _n0 | ||
| 948 | _c04/03/1997 | ||
| 999 |
_c47875 _d47875 |
||